000 00622nam a22002057a 4500
005 20240108152606.0
010 _aENG-138818
020 _c130.00
_a9789391399696
035 _aEN-122350
037 _bDBAD/PUB
082 _a280
100 _aManjacklal, Jijo
_960759
245 _aChristmas Goodies /
260 _aBengaluru
_bATC Publishers
270 _bBengaluru
_aSt Mary's Block, Archdiocesan Pastotal Centre No 5, Nandidurga Road, Benson Town
300 _a130p.
_c22cm(pbk)
700 _aMishra Abhishek
_960728
710 _aRoma Chatterjee
_eEditor
_959600
942 _2ddc
_cEN
_h280
_mGOO
999 _c200033
_d200033